| 000 | 00313nam a22001217a 4500 | ||
|---|---|---|---|
| 082 |
_a363.1251 _bHIG _c42360 |
||
| 245 | _aHighway research board bulletin 74 | ||
| 260 | _aWashington | ||
| 300 |
_aiii, 53 p. : _bill, : _c19cm |
||
| 526 |
_a0 _b0 _c0 _d363_125100000000000_HIG |
||
| 650 |
_aMCE _9379 |
||
| 942 |
_2ddc _cBK |
||
| 999 |
_c542907 _d542907 |
||